000 00345nam a2200133Ia 4500
008 240624s9999 xx 000 0 und d
041 _aeng
082 _a658 HEL
100 _aHELLER ROBERT
245 _aCOMPLETE GUIDE TO MODERN MANAGEMENT
260 _c2003
_aMumbai
_bJaico Publishing House
300 _axvi, : 421 : p. : cm. ; 22
365 _cRS
999 _c804
_d804